[Event "8.Open B Week-End"]
[Site "Padova"]
[Date "2005.12.18"]
[Round "6.13"]
[White "Borsato, Mirko"]
[Black "Pirpamper, Klaus"]
[Result "0-1"]
[WhiteElo "1613"]
[BlackElo "1952"]
[Annotator "Gabriele Ballarin"]
[PlyCount "100"]
[EventDate "2005.12.10"]
[EventType "swiss"]
[EventRounds "6"]
[EventCountry "ITA"]

1. c3 d5 2. Qc2 c5 3. d3 Nc6 4. e4 d4 5. Nf3 e5 6. Be2 Bd6 7. Na3 Nge7 8. Bg5 O-O 9. Nc4 f6 10. Bc1 Be6 11. Nxd6 Qxd6 12. c4 Ng6 13. a3 f5 14. Ng5 Nf4 15. Bf3 Rae8 16. g3 Ng6 17. h4 h6 18. Nxe6 Qxe6 19. exf5 Qxf5 20. Be4 Qg4 21. Qe2 Qxe2+ 22. Kxe2 Rf6 23. Bd2 b6 24. b4 Nce7 25. h5 Nf8 26. Rag1 Ne6 27. f3 Ng5 28. Bxg5 hxg5 29. g4 Nc6 30. bxc5 bxc5 31. Rb1 Rb8 32. Rxb8+ Nxb8 33. Rb1 Rb6 34. Rb5 Na6 35. Kd2 Kf8 36. Kc2 Ke7 37. Kb3 Kd6 38. a4 Nc7 39. Rxb6+ axb6 40. a5 bxa5 41. Ka4 Na6 42. Kxa5 Nb4 43. Kb6 Nc2 44. Kb7 Kd7 45. Bc6+ Kd6 46. Be4 Kd7 47. Kb6 Kd6 48. Ba8 Ne1 49. Be4 Nc2 50. Kb7 Kd7 0-1

[Event "8.Open B Week-End"]
[Site "Padova"]
[Date "2005.12.18"]
[Round "6.14"]
[White "Zanirato, Stefano"]
[Black "Tomio, Dante"]
[Result "1/2-1/2"]
[WhiteElo "1947"]
[BlackElo "1831"]
[Annotator "Gabriele Ballarin"]
[PlyCount "120"]
[EventDate "2005.12.10"]
[EventType "swiss"]
[EventRounds "6"]
[EventCountry "ITA"]

1. Nf3 c5 2. d3 Nc6 3. c3 g6 4. e4 d6 5. Be2 Bg7 6. O-O Nf6 7. Bd2 O-O 8. Qc1 Rb8 9. Bh6 b5 10. Bxg7 Kxg7 11. Nbd2 Qb6 12. a3 a5 13. b3 e5 14. Qb2 Be6 15. Rfc1 h6 16. h3 Nh5 17. Bf1 Nf4 18. b4 axb4 19. axb4 cxb4 20. cxb4 Rfc8 21. d4 Nxd4 22. Nxd4 Qxd4 23. Qxd4 exd4 24. Rxc8 Bxc8 25. Nf3 d3 26. Rd1 Bb7 27. Bxd3 Nxd3 28. Rxd3 Bxe4 29. Rxd6 Bxf3 30. gxf3 Kf8 31. Rc6 Ke7 32. f4 Kd7 33. Rc5 Ke6 34. Kg2 Rb6 35. Kf3 f6 36. f5+ gxf5 37. Kf4 Rd6 38. Rxb5 Rd4+ 39. Kf3 Rd3+ 40. Kg2 Rb3 41. Rb7 f4 42. b5 h5 43. h4 Kf5 44. b6 Kg4 45. Rg7+ Kxh4 46. b7 f3+ 47. Kh2 Rb2 48. Kg1 f5 49. Rg3 Rxb7 50. Rxf3 Kg4 51. Rg3+ Kf4 52. Kg2 h4 53. Rc3 Rb2 54. Rc4+ Kg5 55. Rc8 h3+ 56. Kxh3 Rxf2 57. Kg3 Ra2 58. Rg8+ Kf6 59. Rf8+ Kg6 60. Kf4 Ra4+ 1/2-1/2

[Event "8.Open B Week-End"]
[Site "Padova"]
[Date "2005.12.18"]
[Round "6.15"]
[White "Busi, Massimo"]
[Black "Fracasso Pezzolato, Michele"]
[Result "0-1"]
[WhiteElo "1849"]
[BlackElo "1799"]
[Annotator "Gabriele Ballarin"]
[PlyCount "24"]
[EventDate "2005.12.10"]
[EventType "swiss"]
[EventRounds "6"]
[EventCountry "ITA"]

1. e4 g6 2. d4 Bg7 3. Be3 d6 4. h3 Nf6 5. Nc3 O-O 6. Bd3 e5 7. dxe5 dxe5 8. Qd2 Nc6 9. a3 Nd4 10. Nge2 c5 11. f4 Nh5 12. g4 Nf3+ 0-1

[Event "8.Open B Week-End"]
[Site "Padova"]
[Date "2005.12.18"]
[Round "6.16"]
[White "Battagin_214, Mosè"]
[Black "You, Zi Chih Stefano"]
[Result "1/2-1/2"]
[WhiteElo "1802"]
[BlackElo "1733"]
[Annotator "Gabriele Ballarin"]
[PlyCount "121"]
[EventDate "2005.12.10"]
[EventType "swiss"]
[EventRounds "6"]
[EventCountry "ITA"]

1. e4 e5 2. Nf3 Nc6 3. Bc4 Bc5 4. d3 Nf6 5. Nc3 d6 6. Bg5 h6 7. Bxf6 Qxf6 8. Nd5 Qd8 9. c3 a6 10. O-O O-O 11. Bb3 Ne7 12. d4 exd4 13. Nxd4 Nxd5 14. Bxd5 c6 15. Bb3 Qh4 16. Qd3 Re8 17. Rae1 Bb6 18. Bc2 g6 19. Kh1 Bc7 20. f4 Bd7 21. f5 gxf5 22. Nxf5 Bxf5 23. g3 Bxe4+ 24. Rxe4 Qxe4+ 25. Qxe4 Rxe4 26. Bxe4 Re8 27. Bf3 Re5 28. Kg2 Kg7 29. Rf2 d5 30. Re2 Kf6 31. Rxe5 Kxe5 32. Kf2 Bb6+ 33. Ke2 Bg1 34. h3 b6 35. Bg2 a5 36. a4 Kd6 37. Kf3 Kc5 38. Bf1 d4 39. cxd4+ Bxd4 40. b3 b5 41. Ke4 Bf2 42. Kf3 Be1 43. Be2 Kb4 44. Bd1 Kc3 45. g4 Kd2 46. Be2 Kc2 47. axb5 cxb5 48. Bxb5 Kxb3 49. Be8 f6 50. Ke2 Bc3 51. Bf7+ Kb2 52. Be8 Kb3 53. Bf7+ Kb4 54. Kd3 Be1 55. Kc2 Kc5 56. Kd3 Kb4 57. Kc2 a4 58. Kb2 Bc3+ 59. Ka2 a3 60. h4 h5 61. Bxh5 1/2-1/2

[Event "8.Open B Week-End"]
[Site "Padova"]
[Date "2005.12.18"]
[Round "6.17"]
[White "Ferrarese, Giacomo"]
[Black "Valentini, Paola"]
[Result "0-1"]
[WhiteElo "1721"]
[BlackElo "2004"]
[Annotator "Gabriele Ballarin"]
[PlyCount "100"]
[EventDate "2005.12.10"]
[EventType "swiss"]
[EventRounds "6"]
[EventCountry "ITA"]

1. c4 c5 2. g3 g6 3. Nc3 Bg7 4. Bg2 Nc6 5. d3 Nf6 6. e4 d6 7. Nge2 Bd7 8. a3 O-O 9. O-O Qc8 10. Nf4 Ng4 11. h3 Nge5 12. Kh2 Nd4 13. Be3 Nec6 14. Nfd5 e6 15. Nf4 f5 16. exf5 Nxf5 17. Rb1 Ncd4 18. Ne4 Nxe3 19. fxe3 Nf5 20. Qd2 Bc6 21. b4 cxb4 22. axb4 Bh6 23. b5 Bxe4 24. dxe4 Ng7 25. Qb4 Qc5 26. Qxc5 dxc5 27. Rbd1 e5 28. Nd5 Ne8 29. Rxf8+ Kxf8 30. Rf1+ Kg7 31. g4 Nd6 32. h4 g5 33. hxg5 Bxg5 34. Nc7 Rc8 35. Ne6+ Kg6 36. Nxg5 Kxg5 37. Kg3 Rc7 38. Rh1 Nxc4 39. Rh5+ Kf6 40. Rf5+ Kg6 41. Kf3 Rd7 42. g5 Rf7 43. Bh3 Rxf5+ 44. exf5+ Kxg5 45. Ke4 Kf6 46. Kd3 Nd6 47. e4 b6 48. Ke3 Nxb5 49. Bf1 Nd4 50. Bc4 a5 0-1

[Event "8.Open B Week-End"]
[Site "Padova"]
[Date "2005.12.18"]
[Round "6.18"]
[White "Rigoni, Vinicio"]
[Black "De Biaggi, Paolo"]
[Result "1-0"]
[WhiteElo "1733"]
[BlackElo "1877"]
[Annotator "Gabriele Ballarin"]
[PlyCount "53"]
[EventDate "2005.12.10"]
[EventType "swiss"]
[EventRounds "6"]
[EventCountry "ITA"]

1. d4 e6 2. Nf3 c5 3. Bf4 Qb6 4. b3 Nc6 5. e3 Nf6 6. Bd3 cxd4 7. exd4 Nxd4 8. O-O Nxf3+ 9. Qxf3 Be7 10. Nd2 Qc6 11. Ne4 Nxe4 12. Bxe4 d5 13. Bd3 Bf6 14. Qe2 a6 15. Be5 Bxe5 16. Qxe5 O-O 17. Rae1 f6 18. Qh5 f5 19. f4 Bd7 20. Qe2 Rf6 21. Rf3 Rg6 22. Qf2 Rc8 23. Kh1 Qc5 24. Rfe3 Bc6 25. Qe2 d4 26. Rg3 Rxg3 27. Qxe6+ 1-0

[Event "8.Open B Week-End"]
[Site "Padova"]
[Date "2005.12.18"]
[Round "6.19"]
[White "Carlassara, Renato"]
[Black "Rodeghiero, Andrea"]
[Result "1/2-1/2"]
[WhiteElo "1694"]
[BlackElo "1494"]
[Annotator "Gabriele Ballarin"]
[PlyCount "53"]
[EventDate "2005.12.10"]
[EventType "swiss"]
[EventRounds "6"]
[EventCountry "ITA"]

1. e4 c5 2. d4 cxd4 3. c3 dxc3 4. Nxc3 g6 5. Nf3 Bg7 6. Bc4 d6 7. e5 Qc7 8. Qb3 Nh6 9. Bxh6 Bxh6 10. Bxf7+ Kf8 11. O-O Bg4 12. Nd4 Nc6 13. Ndb5 Qd7 14. exd6 exd6 15. Bd5 a6 16. Qa4 Re8 17. Nxd6 Qxd6 18. Qxg4 Bf4 19. g3 Be5 20. Rad1 Qf6 21. Ne4 Qf5 22. Qxf5+ gxf5 23. Nc5 Nd8 24. Nd7+ Kg7 25. Nxe5 Rxe5 26. Rfe1 Rhe8 27. Kf1 1/2-1/2

[Event "8.Open B Week-End"]
[Site "Padova"]
[Date "2005.12.18"]
[Round "6.20"]
[White "Di Mauro, Valerio"]
[Black "Marson, Luca"]
[Result "0-1"]
[WhiteElo "1526"]
[BlackElo "1972"]
[Annotator "Gabriele Ballarin"]
[PlyCount "60"]
[EventDate "2005.12.10"]
[EventType "swiss"]
[EventRounds "6"]
[EventCountry "ITA"]

1. e4 c5 2. c3 d5 3. exd5 Qxd5 4. d4 Nf6 5. Nf3 Nc6 6. c4 Qe4+ 7. Be3 cxd4 8. Nxd4 Nxd4 9. Qxd4 Qxd4 10. Bxd4 Bd7 11. Bd3 Bc6 12. Bxf6 gxf6 13. f3 O-O-O 14. Kd2 Rg8 15. g3 f5 16. Kc2 e6 17. Rf1 Rg6 18. Nc3 Rh6 19. Rf2 Bc5 20. Rd2 Bxf3 21. Re1 a6 22. a3 Rg6 23. Be2 Rxd2+ 24. Kxd2 Bg2 25. b4 Bf2 26. Rd1 Rh6 27. b5 Rxh2 28. bxa6 bxa6 29. c5 Bxg3 30. Bxa6+ Bb7+ 0-1

[Event "8.Open B Week-End"]
[Site "Padova"]
[Date "2005.12.18"]
[Round "6.21"]
[White "Demiraj, Rumi"]
[Black "Favero, Graziano"]
[Result "1-0"]
[WhiteElo "1925"]
[BlackElo "1643"]
[Annotator "Gabriele Ballarin"]
[PlyCount "59"]
[EventDate "2005.12.10"]
[EventType "swiss"]
[EventRounds "6"]
[EventCountry "ITA"]

1. e4 d6 2. d4 Nf6 3. Nc3 g6 4. f4 Bg7 5. Nf3 O-O 6. Bd3 Nc6 7. Ne2 Bg4 8. O-O Nd7 9. c3 e5 10. d5 Ne7 11. h3 Bxf3 12. Rxf3 exf4 13. Bxf4 Ne5 14. Rf2 h5 15. g4 h4 16. Kg2 Nxd3 17. Qxd3 Nc8 18. g5 f6 19. gxf6 Bxf6 20. Bh6 Bg7 21. Rxf8+ Qxf8 22. Rf1 Qe8 23. Bxg7 Kxg7 24. Qd4+ Qe5 25. Nf4 Qxd4 26. cxd4 Ne7 27. Kf2 Rf8 28. Ke3 c6 29. dxc6 Nxc6 30. Kd3 {Nur} 1-0

[Event "8.Open B Week-End"]
[Site "Padova"]
[Date "2005.12.18"]
[Round "6.22"]
[White "Cestonaro, Federico"]
[Black "Calicchia, Giovanni"]
[Result "1-0"]
[WhiteElo "1601"]
[BlackElo "1808"]
[Annotator "Gabriele Ballarin"]
[PlyCount "89"]
[EventDate "2005.12.10"]
[EventType "swiss"]
[EventRounds "6"]
[EventCountry "ITA"]

1. d4 Nf6 2. c4 e5 3. dxe5 Ng4 4. Nf3 Nc6 5. Bg5 Be7 6. Bf4 Bb4+ 7. Nbd2 Qe7 8. e3 Ngxe5 9. Nxe5 Nxe5 10. Be2 d6 11. a3 Bxd2+ 12. Qxd2 O-O 13. O-O Be6 14. Qc3 Ng6 15. Bg3 Rad8 16. Rac1 Rfe8 17. Rfd1 Qg5 18. Bf3 h5 19. Bxb7 h4 20. f4 Qe7 21. Bf2 h3 22. g3 Bg4 23. Re1 d5 24. e4 dxe4 25. Bxe4 Qd6 26. Bf3 Rxe1+ 27. Rxe1 Bxf3 28. Qxf3 Qd2 29. Qe2 a6 30. Be3 Qd7 31. Qf3 Qd3 32. Qc6 Qc2 33. b4 Ne7 34. Qf3 Qxc4 35. Rc1 Qb3 36. Rxc7 Rd1+ 37. Kf2 Qb2+ 38. Qe2 Qb1 39. Rxe7 g6 40. Re8+ Kh7 41. Bc5 Rh1 42. Kf3 Rf1+ 43. Bf2 Qb3+ 44. Kg4 Rh1 45. Bd4 1-0

[Event "8.Open B Week-End"]
[Site "Padova"]
[Date "2005.12.18"]
[Round "6.23"]
[White "Pelosin, Matteo"]
[Black "Boni, Gianni"]
[Result "1/2-1/2"]
[WhiteElo "1769"]
[BlackElo "1640"]
[Annotator "Gabriele Ballarin"]
[PlyCount "100"]
[EventDate "2005.12.10"]
[EventType "swiss"]
[EventRounds "6"]
[EventCountry "ITA"]

1. e4 b6 2. d4 Bb7 3. Bd3 g6 4. Nf3 Bg7 5. O-O e6 6. Be3 d6 7. c3 Ne7 8. Na3 Nd7 9. Nc2 O-O 10. Qd2 c5 11. Bh6 Qc7 12. h4 c4 13. Be2 Bxe4 14. Bxg7 Kxg7 15. Ne3 Bxf3 16. gxf3 d5 17. Ng4 Ng8 18. h5 Ndf6 19. Qg5 Nxg4 20. Qxg4 Nf6 21. h6+ Kxh6 22. Qh4+ Nh5 23. f4 Qxf4 24. Qh3 Kg7 25. Bxh5 gxh5 26. Qxh5 Qf5 27. Qe2 Qg5+ 28. Kh2 Qh4+ 29. Kg2 Qe4+ 30. Qxe4 dxe4 31. Kg3 f5 32. Kf4 Kf6 33. Rh1 Rg8 34. Rxh7 Rg4+ 35. Ke3 Rg7 36. Rah1 Rag8 37. R1h6+ Kf7 38. Kf4 Rxh7 39. Rxh7+ Kf6 40. Rh6+ Rg6 41. Rh7 Rg4+ 42. Ke3 Rg7 43. Rh6+ Ke7 44. Kf4 Kd6 45. Rh8 Rd7 46. Rh6 b5 47. Rh8 Rb7 48. Rd8+ Kc7 49. Re8 Rb6 50. Re7+ Kb8 1/2-1/2

[Event "8.Open B Week-End"]
[Site "Padova"]
[Date "2005.12.18"]
[Round "6.24"]
[White "Badiale, Riccardo"]
[Black "Adami, Igor"]
[Result "1-0"]
[WhiteElo "1729"]
[BlackElo "1616"]
[Annotator "Gabriele Ballarin"]
[PlyCount "67"]
[EventDate "2005.12.10"]
[EventType "swiss"]
[EventRounds "6"]
[EventCountry "ITA"]

1. d4 Nf6 2. c4 d5 3. Nc3 e6 4. e3 b6 5. Nf3 Nbd7 6. Bd3 Bb7 7. O-O Be7 8. cxd5 Nxd5 9. Nxd5 Bxd5 10. e4 Bb7 11. Bf4 O-O 12. Rc1 c5 13. Qc2 Rc8 14. d5 exd5 15. exd5 Nf6 16. Rcd1 Bd6 17. Bg5 h6 18. Bh4 Be7 19. Rfe1 g5 20. d6 Bxd6 21. Bg3 Kg7 22. Bxd6 Qxd6 23. Bf5 Qc7 24. Bxc8 Rxc8 25. Qc3 Rd8 26. Qe5 Qc8 27. Rxd8 Qxd8 28. Qc3 g4 29. Qd2 Qc7 30. Nh4 Qc6 31. Qf4 h5 32. Nf5+ Kh8 33. Qh6+ Nh7 34. Qg7# 1-0

[Event "8.Open B Week-End"]
[Site "Padova"]
[Date "2005.12.18"]
[Round "6.25"]
[White "Barbetta, Cosimo"]
[Black "Chiodini, Pietro"]
[Result "0-1"]
[WhiteElo "1586"]
[BlackElo "1703"]
[Annotator "Gabriele Ballarin"]
[PlyCount "88"]
[EventDate "2005.12.10"]
[EventType "swiss"]
[EventRounds "6"]
[EventCountry "ITA"]

1. e4 e5 2. Nf3 Bc5 3. c3 Qe7 4. d3 d6 5. Be2 Nf6 6. Qb3 Nc6 7. Bg5 Bb6 8. Nbd2 Be6 9. Qc2 h6 10. Be3 Bxe3 11. fxe3 g5 12. Nf1 g4 13. N3d2 Nh5 14. Nb3 O-O-O 15. O-O-O Ng7 16. g3 Qf6 17. Kb1 Qf2 18. h4 gxh3 19. Rxh3 Bxh3 20. Bg4+ Bxg4 21. Qxf2 Bxd1 22. Qf6 Nh5 23. Qf5+ Kb8 24. Kc1 Be2 25. Nbd2 Ng7 26. Qf6 Ne6 27. Kc2 Bxf1 28. Qxf1 Ng5 29. Qf5 Rhg8 30. b4 Ne7 31. Qf6 Rde8 32. Qxh6 Rg6 33. Qh4 Reg8 34. Kb3 f5 35. a4 fxe4 36. dxe4 R8g7 37. b5 Ne6 38. Kb4 Nc8 39. Qh3 Nc5 40. Nc4 Rxg3 41. Qf1 R7g4 42. Qf7 Nxe4 43. Qd7 Nd2 44. Qe6 Rxc4+ 0-1

[Event "8.Open B Week-End"]
[Site "Padova"]
[Date "2005.12.18"]
[Round "6.26"]
[White "Benedetti, Maurizio"]
[Black "Battiston, Gianfranco"]
[Result "0-1"]
[WhiteElo "1559"]
[BlackElo "1685"]
[Annotator "Gabriele Ballarin"]
[PlyCount "60"]
[EventDate "2005.12.10"]
[EventType "swiss"]
[EventRounds "6"]
[EventCountry "ITA"]

1. c4 c5 2. g3 Nf6 3. Nc3 Nc6 4. Bg2 e6 5. e3 Be7 6. Nge2 d6 7. O-O Bd7 8. d4 cxd4 9. exd4 O-O 10. d5 exd5 11. Nxd5 Nxd5 12. Bxd5 Bh3 13. Re1 Bf6 14. Nf4 Bf5 15. Be4 Bxe4 16. Rxe4 Ne7 17. Nh5 Ng6 18. Nxf6+ Qxf6 19. Qd4 Ne5 20. Kg2 Qf3+ 21. Kg1 Qh5 22. Qd5 Rae8 23. Re3 Qh3 24. f3 Re6 25. Bd2 Rh6 26. Re2 Rf6 27. f4 Ng4 28. Qxb7 Re6 29. Qg2 Qxg2+ 30. Kxg2 Rxe2+ 0-1

[Event "8.Open B Week-End"]
[Site "Padova"]
[Date "2005.12.18"]
[Round "6.27"]
[White "Baschirotto, Marco Dante"]
[Black "Mihalcea, Vasile"]
[Result "1-0"]
[WhiteElo "1544"]
[BlackElo "1685"]
[Annotator "Gabriele Ballarin"]
[PlyCount "24"]
[EventDate "2005.12.10"]
[EventType "swiss"]
[EventRounds "6"]
[EventCountry "ITA"]

1. c4 c5 2. Nc3 Nc6 3. g3 d6 4. Bg2 Bd7 5. Nf3 e6 6. d4 Nf6 7. Bg5 Be7 8. O-O Qb6 9. Na4 Qc7 10. dxc5 dxc5 11. Bd2 Nb4 12. a3 Bxa4 {Nur} 1-0

[Event "8.Open B Week-End"]
[Site "Padova"]
[Date "2005.12.18"]
[Round "6.29"]
[White "Mancin, Michele"]
[Black "Vaglio, Alessandro"]
[Result "1-0"]
[WhiteElo "1862"]
[BlackElo "1661"]
[Annotator "Gabriele Ballarin"]
[PlyCount "105"]
[EventDate "2005.12.10"]
[EventType "swiss"]
[EventRounds "6"]
[EventCountry "ITA"]

1. e4 c5 2. Nf3 d6 3. d4 cxd4 4. Nxd4 g6 5. Nc3 Bg7 6. Be3 Nf6 7. Be2 O-O 8. O-O Nc6 9. Kh1 Ne5 10. h3 a6 11. a4 Bd7 12. f4 Nc6 13. f5 Rc8 14. fxg6 fxg6 15. Bc4+ Kh8 16. Ne6 Bxe6 17. Bxe6 Rb8 18. Qd2 Nh5 19. Ne2 Qa5 20. c3 Qe5 21. Bd5 e6 22. Bxc6 bxc6 23. Qd3 Ng3+ 24. Nxg3 Qxg3 25. Qe2 Be5 26. Bg1 Bf4 27. Rf3 Qg5 28. Raf1 Qh6 29. Qf2 Kg8 30. Rxf4 Rxf4 31. Qxf4 Qxf4 32. Rxf4 Rxb2 33. Rf6 Rc2 34. Rxe6 Rxc3 35. Rxd6 Rc4 36. e5 Rxa4 37. Rxc6 Kf7 38. e6+ Kf6 39. Bb6 Ra1+ 40. Kh2 Rd1 41. Bc7 Re1 42. Bd8+ Kg7 43. Rxa6 Kf8 44. e7+ Ke8 45. Ra4 Re2 46. Kg3 Re5 47. Kf4 Rh5 48. Kg4 Re5 49. h4 h5+ 50. Kh3 Re3+ 51. g3 Re6 52. Kg2 Rf6 53. Rf4 1-0

[Event "8.Open B Week-End"]
[Site "Padova"]
[Date "2005.12.18"]
[Round "6.30"]
[White "Di Cerbo, Giulia"]
[Black "Negro, Raffaele"]
[Result "0-1"]
[WhiteElo "1727"]
[BlackElo "1766"]
[Annotator "Gabriele Ballarin"]
[PlyCount "62"]
[EventDate "2005.12.10"]
[EventType "swiss"]
[EventRounds "6"]
[EventCountry "ITA"]

1. d4 d6 2. e4 Nf6 3. Bd3 e5 4. c3 c6 5. Nf3 Qc7 6. Nbd2 Be7 7. Nc4 exd4 8. Nxd4 d5 9. exd5 Nxd5 10. O-O O-O 11. Nf5 Bxf5 12. Bxf5 Nd7 13. Re1 Rad8 14. Qc2 N7f6 15. Bg5 g6 16. Bh3 Rfe8 17. Ne5 Nh5 18. Bxe7 Rxe7 19. Nf3 Nhf4 20. Rad1 Rxe1+ 21. Rxe1 Nxh3+ 22. gxh3 Nf4 23. h4 Qd7 24. Ne5 Qd5 25. f3 Re8 26. Qe4 Rxe5 27. Qxe5 Qxf3 28. Qe8+ Kg7 29. Qe5+ f6 30. Qe7+ Kh6 31. Qf8+ Kh5 0-1

[Event "8.Open B Week-End"]
[Site "Padova"]
[Date "2005.12.18"]
[Round "6.31"]
[White "Alessi, Giovanni"]
[Black "Bano, Paolo"]
[Result "1-0"]
[WhiteElo "1640"]
[BlackElo "1434"]
[Annotator "Gabriele Ballarin"]
[PlyCount "89"]
[EventDate "2005.12.10"]
[EventType "swiss"]
[EventRounds "6"]
[EventCountry "ITA"]

1. e4 d6 2. d4 Nf6 3. Bd3 e5 4. d5 Be7 5. Nf3 Bg4 6. c4 Nbd7 7. Nc3 O-O 8. Be3 Ne8 9. O-O Bxf3 10. Qxf3 Bg5 11. b4 Bxe3 12. Qxe3 a5 13. a3 b6 14. f4 exf4 15. Qxf4 Ne5 16. Be2 Nf6 17. c5 bxc5 18. bxc5 Ng6 19. Qf2 dxc5 20. Qxc5 Re8 21. Bd3 Ne5 22. Be2 Qd6 23. Qxd6 cxd6 24. Bf3 Rab8 25. a4 Rb4 26. Rfe1 Kf8 27. Nb5 Ke7 28. Reb1 Rc4 29. Na7 Rc7 30. Nb5 Rb7 31. Rc1 Nfd7 32. Nd4 g6 33. Nc6+ Kf8 34. Nxa5 Ra7 35. Nc6 Ra6 36. Nxe5 Rxe5 37. Rc7 Nc5 38. a5 Nb3 39. Ra3 Nc5 40. Rc6 Ke7 41. Rxa6 Nxa6 42. Rb3 Kd8 43. Rb6 Nc5 44. Rxd6+ Kc7 45. Rc6+ 1-0

[Event "8.Open B Week-End"]
[Site "Padova"]
[Date "2005.12.18"]
[Round "6.32"]
[White "Scandiuzzi, Roberto"]
[Black "Alba, Riccardo"]
[Result "0-1"]
[WhiteElo "1491"]
[BlackElo "1703"]
[Annotator "Gabriele Ballarin"]
[PlyCount "56"]
[EventDate "2005.12.10"]
[EventType "swiss"]
[EventRounds "6"]
[EventCountry "ITA"]

1. d4 Nf6 2. c4 g6 3. Nf3 Bg7 4. e3 d5 5. cxd5 Nxd5 6. Be2 O-O 7. O-O Nd7 8. a3 e5 9. e4 Ne7 10. Be3 exd4 11. Bxd4 Nf6 12. Nbd2 Bg4 13. Bxf6 Bxf6 14. Rb1 Nc6 15. h3 Be6 16. Bc4 Re8 17. Bxe6 Rxe6 18. Re1 Rd6 19. Qc2 Qe7 20. Nc4 Re6 21. Nfd2 Nd4 22. Qc1 Rd8 23. f3 Rc6 24. b3 b5 25. e5 Bg5 26. Qb2 bxc4 27. bxc4 Bxd2 28. Qxd2 Nxf3+ 0-1

[Event "8.Open B Week-End"]
[Site "Padova"]
[Date "2005.12.18"]
[Round "6.33"]
[White "Jimchi, Abdelaziz"]
[Black "Chiodini, Sebastiano"]
[Result "1-0"]
[WhiteElo "1763"]
[BlackElo "1419"]
[Annotator "Gabriele Ballarin"]
[PlyCount "91"]
[EventDate "2005.12.10"]
[EventType "swiss"]
[EventRounds "6"]
[EventCountry "ITA"]

1. Nf3 Nf6 2. g3 d5 3. Bg2 Nbd7 4. O-O e5 5. d3 Bc5 6. Nbd2 O-O 7. e4 c6 8. Re1 Re8 9. h3 Nf8 10. exd5 cxd5 11. Nxe5 Bd6 12. Nef3 Rxe1+ 13. Qxe1 Qc7 14. c3 Bf5 15. d4 Re8 16. Qf1 Ng6 17. Qb5 a6 18. Qf1 Re6 19. Nb3 Ne4 20. Ng5 Re7 21. g4 Bc8 22. Nxe4 dxe4 23. Bg5 f6 24. Be3 Nh4 25. Nd2 f5 26. Qc4+ Qxc4 27. Nxc4 Bc7 28. Bg5 Nxg2 29. Bxe7 Nf4 30. Bd6 Bxd6 31. Nxd6 Bd7 32. gxf5 Nxh3+ 33. Kg2 Ng5 34. Kg3 Bc6 35. Rd1 b5 36. d5 Ba8 37. b3 Kf8 38. c4 Ke7 39. c5 Kf6 40. c6 Ke7 41. Nc8+ Kd8 42. Nb6 Bxc6 43. dxc6+ Kc7 44. Rc1 Nf7 45. Nd5+ Kd6 46. c7 1-0

[Event "8.Open B Week-End"]
[Site "Padova"]
[Date "2005.12.18"]
[Round "6.34"]
[White "Biserni, Federica"]
[Black "Vastano, Ciro"]
[Result "1/2-1/2"]
[WhiteElo "1401"]
[BlackElo "1682"]
[Annotator "Gabriele Ballarin"]
[PlyCount "41"]
[EventDate "2005.12.10"]
[EventType "swiss"]
[EventRounds "6"]
[EventCountry "ITA"]

1. e4 e6 2. d4 d5 3. Nd2 Nf6 4. e5 Nfd7 5. Bd3 c5 6. c3 Nc6 7. Ne2 f6 8. f4 Qb6 9. Nf3 Be7 10. O-O O-O 11. Qc2 fxe5 12. Bxh7+ Kh8 13. fxe5 cxd4 14. cxd4 Ncxe5 15. Nxe5 Nxe5 16. Rxf8+ Bxf8 17. Kh1 Ng4 18. b3 Bd7 19. Bb2 Rc8 20. Qg6 Nf6 21. Rf1 1/2-1/2

[Event "8.Open B Week-End"]
[Site "Padova"]
[Date "2005.12.18"]
[Round "6.35"]
[White "Peluso, Lorenzo"]
[Black "Menin, Massimo"]
[Result "1/2-1/2"]
[WhiteElo "1428"]
[BlackElo "1523"]
[Annotator "Gabriele Ballarin"]
[PlyCount "29"]
[EventDate "2005.12.10"]
[EventType "swiss"]
[EventRounds "6"]
[EventCountry "ITA"]

1. e4 g6 2. d4 Bg7 3. Nf3 d6 4. Bc4 Nf6 5. Nc3 Bg4 6. Be2 O-O 7. O-O Nbd7 8. h3 Bxf3 9. Bxf3 e5 10. d5 a5 11. Bg5 Qe8 12. Nb5 Qc8 13. Re1 Nc5 14. Bxf6 Bxf6 15. c4 1/2-1/2

[Event "17. Weekend A"]
[Site "Campodarsego"]
[Date "2006.01.22"]
[Round "4.8"]
[White "Giuriato, Sergio"]
[Black "Roberti, Ignazio"]
[Result "1/2-1/2"]
[WhiteElo "1987"]
[BlackElo "1950"]
[Annotator "Gabriele Ballarin"]
[PlyCount "96"]
[EventDate "2006.01.20"]
[EventType "swiss"]
[EventRounds "5"]
[EventCountry "ITA"]

1. d4 Nf6 2. c4 e6 3. Nc3 Bb4 4. e3 b6 5. Nge2 Bb7 6. a3 Bxc3+ 7. Nxc3 O-O 8. Qc2 Nc6 9. Bd3 a5 10. b3 h6 11. Bb2 d5 12. O-O Rc8 13. Rad1 Qd7 14. cxd5 Nxd5 15. Nxd5 Qxd5 16. Be4 Qd6 17. d5 Nd8 18. dxe6 Bxe4 19. exf7+ Rxf7 20. Qxe4 Qf8 21. Rd2 c5 22. Rfd1 Nc6 23. Qe6 Kh7 24. Rd7 Rc7 25. R1d6 Rcxd7 26. Rxd7 Rxd7 27. Qxd7 Ne7 28. e4 Qf7 29. Qd3 Qg6 30. f4 Nc8 31. f5 Qd6 32. Qc3 Qd1+ 33. Kf2 Qg4 34. Qe5 Qg5 35. Bc3 Ne7 36. g3 Ng8 37. Qc7 Nf6 38. Bxf6 Qxf6 39. Kg2 Qb2+ 40. Kh3 Qxb3 41. e5 Qf3 42. Qf7 Qf1+ 43. Kh4 Qe2 44. Qg6+ Kg8 45. e6 Qxh2+ 46. Kg4 Qe2+ 47. Kh3 Qf1+ 48. Kh2 Qf2+ 1/2-1/2

[Event "6.Open Alta Padovana A"]
[Site "Loreggia"]
[Date "2006.02.24"]
[Round "1.1"]
[White "Ljubisavljevic, Zivojin Z"]
[Black "Quaranta, Cristiano"]
[Result "1-0"]
[WhiteElo "2310"]
[BlackElo "2024"]
[Annotator "Gabriele Ballarin"]
[PlyCount "81"]
[EventDate "2006.02.24"]
[EventType "swiss"]
[EventRounds "5"]
[EventCountry "ITA"]

1. d4 d5 2. c3 Nf6 3. Bg5 c6 4. Nd2 Bf5 5. Ngf3 Nbd7 6. Nh4 Bg6 7. Nxg6 hxg6 8. e3 e6 9. e4 dxe4 10. Nxe4 Qa5 11. Nxf6+ gxf6 12. Be3 Bh6 13. Bxh6 Rxh6 14. Be2 O-O-O 15. b4 Qc7 16. h3 e5 17. O-O Nb6 18. Qc1 Rh4 19. dxe5 Qxe5 20. Re1 Qc7 21. a4 Nd5 22. a5 Nf4 23. a6 Nxe2+ 24. Rxe2 b6 25. Qe3 Rh5 26. Qf3 Qd6 27. Rae1 Rd5 28. g3 Rd3 29. Re3 Rxe3 30. Qxe3 Qd3 31. Qe7 Qxa6 32. Qxf7 f5 33. Qxg6 Qb5 34. h4 a5 35. bxa5 bxa5 36. c4 Qc5 37. h5 a4 38. h6 a3 39. h7 Qxc4 40. Qf6 Qc5 41. Qxd8+ 1-0

[Event "6.Open Alta Padovana A"]
[Site "Loreggia"]
[Date "2006.02.24"]
[Round "1.2"]
[White "Valsecchi, Alessio"]
[Black "Dvirnyy, Danyyil"]
[Result "1/2-1/2"]
[WhiteElo "1984"]
[BlackElo "2265"]
[Annotator "Gabriele Ballarin"]
[PlyCount "67"]
[EventDate "2006.02.24"]
[EventType "swiss"]
[EventRounds "5"]
[EventCountry "ITA"]

1. e4 c5 2. Nf3 Nc6 3. d4 cxd4 4. Nxd4 e5 5. Nb5 a6 6. Nd6+ Bxd6 7. Qxd6 Qf6 8. Qxf6 Nxf6 9. Nc3 Nb4 10. Bd3 h6 11. O-O d6 12. b3 Bd7 13. Ba3 a5 14. f3 O-O 15. Nd1 Rfc8 16. Ne3 b5 17. Rfd1 Nxd3 18. Rxd3 b4 19. Bb2 Ra6 20. Rad1 Rcc6 21. Nc4 Be6 22. Nxd6 Rxc2 23. Bxe5 Rxa2 24. Nb5 Rb6 25. Nd4 a4 26. Nxe6 fxe6 27. Bxf6 gxf6 28. Rd8+ Kg7 29. R1d7+ Kg6 30. Rg8+ Kh5 31. g4+ Kh4 32. Rh7 Ra1+ 33. Kf2 Ra2+ 34. Kg1 1/2-1/2